[Event "FIDE World Bl Team Pool D"]
[Site "London ENG"]
[Date "2025.06.14"]
[Round "1.2"]
[White "Makhnev, Denis"]
[Black "Gurevich, Artjom"]
[Result "1-0"]
[WhiteTitle "GM"]
[WhiteElo "2531"]
[BlackElo "2183"]
[WhiteTeam "Barys.kz"]
[BlackTeam "Equity Bank, Kenya"]
[WhiteFideId "13707647"]
[BlackFideId "2603870"]
[EventDate "2025.06.14"]
[EventType "team"]

1. d4 d5 2. Nf3 e6 3. Bf4 c5 4. e3 Nf6 5. Nbd2 Bd6 6. Bg3 O-O 7. c3 b6 8. a4 Ba6
9. Bxa6 Nxa6 10. Ne5 Nb8 11. Bh4 Qc7 12. Bxf6 gxf6 13. Qg4+ Kh8 14. Nef3 Rg8 15.
Qh4 Be7 16. Qh5 Bf8 17. g4 cxd4 18. cxd4 Qc2 19. Qxf7 Nc6 20. Qxe6 Nb4 21. Qf5
Nd3+ 22. Ke2 Nb4 23. Qxc2 Nxc2 24. Rac1 Nb4 25. Rhg1 Bd6 26. h3 Rac8 27. Nh4 Na2
28. Rxc8 Rxc8 29. Nf5 Bb4 30. Nf3 Bf8 31. g5 fxg5 32. Nxg5 h6 33. Ne6 Rc2+ 34.
Kf3 Bb4 35. Nf4 Bd2 36. Rg7 1-0

[Event "FIDE World Bl Team Pool D"]
[Site "London ENG"]
[Date "2025.06.14"]
[Round "1.3"]
[White "Andiwoh, Moses"]
[Black "Mamedov, Edgar"]
[Result "0-1"]
[BlackTitle "IM"]
[WhiteElo "1796"]
[BlackElo "2509"]
[WhiteTeam "Equity Bank, Kenya"]
[BlackTeam "Barys.kz"]
[WhiteFideId "10801502"]
[BlackFideId "13739980"]
[EventDate "2025.06.14"]
[EventType "team"]

1. e4 c5 2. Nf3 Nc6 3. Bb5 e6 4. Bxc6 bxc6 5. d4 cxd4 6. Qxd4 d6 7. O-O e5 8.
Qd3 Nf6 9. c4 Qc7 10. Bg5 Be7 11. Rd1 Be6 12. Bxf6 Bxf6 13. Qxd6 Rd8 0-1

[Event "FIDE World Bl Team Pool D"]
[Site "London ENG"]
[Date "2025.06.14"]
[Round "1.4"]
[White "Suleymenov, Alisher"]
[Black "Kuka Kyle"]
[Result "1-0"]
[WhiteTitle "GM"]
[WhiteElo "2515"]
[BlackElo "1892"]
[WhiteTeam "Barys.kz"]
[BlackTeam "Equity Bank, Kenya"]
[WhiteFideId "13707833"]
[BlackFideId "10831533"]
[EventDate "2025.06.14"]
[EventType "team"]

1. e4 c6 2. d4 d5 3. e5 c5 4. dxc5 Nc6 5. f4 h5 6. Nf3 Bg4 7. c3 e6 8. Be3 Nh6
9. Bd3 Nf5 10. Bf2 Be7 11. O-O O-O 12. h3 Bxf3 13. Qxf3 g6 14. Bxf5 exf5 15. Rd1
Qc7 16. Rxd5 Rfd8 17. Na3 Rxd5 18. Qxd5 Rd8 19. Nb5 Rxd5 20. Nxc7 Rd2 21. b4 a6
22. Be1 Rd3 23. Kf1 Kf8 24. Ke2 Rd7 25. Na8 Bd8 26. h4 Ne7 27. c4 Rd4 28. Rd1
Re4+ 29. Kf3 Ke8 30. Rc1 Nc6 31. a3 Nd4+ 32. Kf2 Rxf4+ 33. Ke3 Re4+ 34. Kd3 Ne2
35. Rd1 Nf4+ 36. Kc3 Ne2+ 37. Kb3 Nd4+ 38. Ka4 Nc6 39. Kb3 Rxe5 40. b5 Ne7 41.
Bb4 Re3+ 42. Ka4 axb5+ 43. cxb5 Rg3 44. Rd2 Ng8 45. c6 bxc6 46. bxc6 Nf6 47. c7
Bxc7 48. Nxc7# 1-0

[Event "FIDE World Bl Team Pool D"]
[Site "London ENG"]
[Date "2025.06.14"]
[Round "1.5"]
[White "Mutisya, Jully"]
[Black "Balabayeva, Xeniya"]
[Result "0-1"]
[WhiteTitle "WCM"]
[BlackTitle "WGM"]
[WhiteElo "1822"]
[BlackElo "2352"]
[WhiteTeam "Equity Bank, Kenya"]
[BlackTeam "Barys.kz"]
[WhiteFideId "10814922"]
[BlackFideId "13719688"]
[EventDate "2025.06.14"]
[EventType "team"]

1. d4 d5 2. Bf4 Nf6 3. e3 e6 4. Nf3 c5 5. Nbd2 Nc6 6. c3 Nh5 7. Bg3 Nxg3 8. hxg3
g6 9. Bd3 cxd4 10. exd4 Bg7 11. Qe2 Qb6 12. Rb1 Bd7 13. Ne5 Nxe5 14. dxe5 Rc8
15. O-O O-O 16. Nf3 Qc7 17. Rfe1 Qb8 18. Nh2 f5 19. exf6 Bxf6 20. Ng4 Bg7 21.
Ne5 Bxe5 22. Qxe5 Qxe5 23. Rxe5 b5 24. Be2 Kf7 25. Bf3 a5 26. Rd1 Rc7 27. Bg4
Rb8 28. f4 b4 29. cxb4 axb4 30. Rde1 Rb6 31. Bf3 Rd6 32. g4 d4 33. f5 exf5 34.
Re7+ Kf6 35. gxf5 gxf5 36. Rxh7 Kg6 37. Rhe7 d3 38. Rd1 Rc2 39. Re3 d2 40. Re2
Rxb2 41. Re5 Ba4 42. Rf1 d1=Q 43. Bxd1 Rxd1 44. Rxd1 Bxd1 45. Re6+ Kg5 46. Rb6
Kg4 47. Rg6+ Kf4 48. Rb6 Kg3 49. Rd6 Bf3 50. Rg6+ Bg4 0-1

[Event "FIDE World Bl Team Pool D"]
[Site "London ENG"]
[Date "2025.06.14"]
[Round "1.6"]
[White "Nurakyn, Suleiman"]
[Black "Ongono, Victor"]
[Result "1-0"]
[WhiteElo "1773"]
[BlackElo "1560"]
[WhiteTeam "Barys.kz"]
[BlackTeam "Equity Bank, Kenya"]
[WhiteFideId "447003073"]
[BlackFideId "10805214"]
[EventDate "2025.06.14"]
[EventType "team"]

1. d4 Nf6 2. c4 e6 3. Nf3 Be7 4. g3 d6 5. Bg2 Nbd7 6. Nc3 b6 7. e4 Bb7 8. Qc2 c5
9. O-O O-O 10. h3 cxd4 11. Nxd4 e5 12. Nf5 Nc5 13. Rd1 g6 14. Ne3 Rc8 15. b3
Nfd7 16. Bb2 Bg5 17. Ned5 Bxd5 18. Rxd5 Qf6 19. Rad1 Rc6 20. h4 Bh6 21. Nb5 Nb7
22. Bh3 Ndc5 23. Nxd6 Nxd6 24. Bxe5 Qe7 25. Bxd6 Rxd6 26. Rxd6 Qxe4 27. Qxe4
Nxe4 28. Rd8 Nc5 29. Rxf8+ Kxf8 30. b4 Nb7 31. Rd7 b5 32. c5 a5 33. a3 axb4 34.
axb4 Bd2 35. Rxb7 Bxb4 36. Rxb5 Ba3 37. c6 Bd6 38. Rb7 Ke8 39. c7 Bxc7 40. Rxc7
Kf8 41. f4 Kg7 42. Be6 Kf6 43. Bxf7 h6 44. Bd5 g5 45. h5 Kf5 46. fxg5 Kxg5 47.
Rg7+ Kxh5 48. Bf3# 1-0

[Event "FIDE World Bl Team Pool D"]
[Site "London ENG"]
[Date "2025.06.14"]
[Round "1.1"]
[White "Grahn, Vidar"]
[Black "Kohlmann, Robert"]
[Result "1-0"]
[WhiteTitle "FM"]
[WhiteElo "2239"]
[BlackElo "2026"]
[WhiteTeam "Uppsala SSS"]
[BlackTeam "REY AHOGADO"]
[WhiteFideId "1744780"]
[BlackFideId "14900467"]
[EventDate "2025.06.14"]
[EventType "team"]

1. d4 d6 2. Nf3 g6 3. c4 Bg7 4. g3 Nf6 5. Bg2 O-O 6. Nc3 Nc6 7. O-O a6 8. b3 Rb8
9. d5 Na5 10. Bg5 h6 11. Bd2 c5 12. dxc6 Nxc6 13. Rc1 Bd7 14. Nd5 Nxd5 15. cxd5
Ne5 16. Nxe5 dxe5 17. Bb4 Re8 18. Qd2 b6 19. Rc2 a5 20. Ba3 Bb5 21. Rfc1 Qd7 22.
Rc7 Qg4 23. Bf3 Qg5 24. Qxg5 hxg5 25. Bxe7 e4 26. Bxe4 Be5 27. Ra7 Bxe2 28. Bg2
b5 29. Bxg5 Bd4 30. d6 Bxa7 31. d7 Bg4 32. dxe8=Q+ Rxe8 33. h3 Bf5 34. Bf3 Rd8
35. Bxd8 1-0

[Event "FIDE World Bl Team Pool D"]
[Site "London ENG"]
[Date "2025.06.14"]
[Round "1.2"]
[White "Medal Paves, Jose Maria"]
[Black "Frank, Anton"]
[Result "1/2-1/2"]
[BlackTitle "CM"]
[WhiteElo "1968"]
[BlackElo "2183"]
[WhiteTeam "REY AHOGADO"]
[BlackTeam "Uppsala SSS"]
[WhiteFideId "24501492"]
[BlackFideId "1752383"]
[EventDate "2025.06.14"]
[EventType "team"]

1. e4 e5 2. Nf3 Nc6 3. Bb5 Nf6 4. Qe2 Bd6 5. c3 O-O 6. d3 Ne7 7. Nbd2 c6 8. Ba4
Bc7 9. Nf1 Ng6 10. Ng3 d5 11. O-O h6 12. h3 Be6 13. Nf5 Re8 14. N3h4 Nf4 15. Qf3
dxe4 16. dxe4 Qd3 17. Qxd3 Nxd3 18. Bc2 Nxc1 19. Raxc1 Rad8 20. Rfd1 Kf8 21. b3
Nh5 22. Ne3 Nf4 23. Kf1 g6 24. Nf3 f6 25. h4 a5 26. g3 Bh3+ 27. Ke1 Ng2+ 28.
Nxg2 Bxg2 29. Ke2 Bh3 30. Rxd8 Rxd8 31. Rd1 Rxd1 32. Bxd1 Be6 33. Ne1 Ke7 34.
Nc2 b5 35. Ne3 Bb6 36. Bc2 h5 37. Bd3 Bd7 38. c4 Kd6 39. cxb5 cxb5 40. f3 Bxe3
41. Kxe3 Kc5 42. a3 Be6 43. Bc2 b4 44. a4 f5 45. Bd1 Kd6 46. Bc2 Kc5 47. Bd1 Kd6
48. Bc2 1/2-1/2

[Event "FIDE World Bl Team Pool D"]
[Site "London ENG"]
[Date "2025.06.14"]
[Round "1.3"]
[White "Strom-Engdahl, Alexander"]
[Black "Schneider Sanchez, Carlos D."]
[Result "1-0"]
[WhiteTitle "FM"]
[WhiteElo "2320"]
[BlackElo "2003"]
[WhiteTeam "Uppsala SSS"]
[BlackTeam "REY AHOGADO"]
[WhiteFideId "1741586"]
[BlackFideId "22230440"]
[EventDate "2025.06.14"]
[EventType "team"]

1. Nf3 d5 2. d4 e6 3. Bf4 Bd6 4. e3 Nf6 5. Bd3 O-O 6. O-O c5 7. dxc5 Bxf4 8.
exf4 Qc7 9. Ne5 Qxc5 10. Nd2 Nc6 11. Ndf3 Bd7 12. c3 Ne7 13. Qe2 Rfd8 14. Ng5
Be8 15. Rad1 h6 16. Ngf3 a6 17. Nd4 b5 18. a3 Rab8 19. f5 exf5 20. Nxf5 Nxf5 21.
Bxf5 d4 22. cxd4 Rxd4 23. Rxd4 Qxd4 24. Rd1 Qf4 25. Bb1 Qg5 26. h3 Rc8 27. Nf3
Qc5 28. Qd3 g6 29. Re1 Bd7 30. Nd2 Bf5 31. Qf3 Bxb1 32. Nxb1 Nd5 33. Rd1 Ne7 34.
Nc3 Nf5 35. Qb7 Rc7 36. Qxa6 Kg7 37. Qxb5 Qxb5 38. Nxb5 Rc2 39. Rb1 Kf6 40. a4
Ke6 41. g4 Ne7 42. Nd4+ Kd5 43. Nxc2 1-0

[Event "FIDE World Bl Team Pool D"]
[Site "London ENG"]
[Date "2025.06.14"]
[Round "1.4"]
[White "Henriquez Garcia, David"]
[Black "Nilsson, Oliver"]
[Result "0-1"]
[WhiteElo "1905"]
[BlackElo "2129"]
[WhiteTeam "REY AHOGADO"]
[BlackTeam "Uppsala SSS"]
[WhiteFideId "2204320"]
[BlackFideId "1730177"]
[EventDate "2025.06.14"]
[EventType "team"]

1. d4 Nf6 2. Nf3 g6 3. g3 Bg7 4. Bg2 O-O 5. O-O d5 6. b3 a5 7. a4 Na6 8. Bb2 Bf5
9. Na3 c6 10. Rc1 Ne4 11. Ne5 h5 12. h4 Qc7 13. Nf3 e6 14. c4 Qe7 15. Nc2 Rfd8
16. cxd5 exd5 17. Ne3 Be6 18. Ra1 Bh6 19. Nc2 Bg4 20. Ba3 Qe6 21. Qd3 Bf5 22.
Qd1 Nc3 23. Qe1 Nxe2+ 24. Kh2 Bxc2 25. Ne5 Nxd4 26. Ra2 Bxb3 27. Rb2 Re8 28. f4
Bc4 29. Rff2 Nf5 30. Rbd2 Nb4 31. Bb2 Rad8 32. Qa1 d4 33. Nxc4 Qxc4 34. Ba3 Re3 0-1

[Event "FIDE World Bl Team Pool D"]
[Site "London ENG"]
[Date "2025.06.14"]
[Round "1.5"]
[White "Ostensson, Julia"]
[Black "Cujba, Anca-Claudia"]
[Result "1-0"]
[WhiteElo "1996"]
[BlackElo "1741"]
[WhiteTeam "Uppsala SSS"]
[BlackTeam "REY AHOGADO"]
[WhiteFideId "1747703"]
[BlackFideId "1215612"]
[EventDate "2025.06.14"]
[EventType "team"]

1. d4 Nf6 2. c4 g6 3. Nc3 Bg7 4. Nf3 d6 5. e3 O-O 6. Be2 Nbd7 7. O-O e5 8. b4 a5
9. Qb3 axb4 10. Qxb4 Qe8 11. Nb5 Qd8 12. Bb2 e4 13. Nd2 d5 14. cxd5 Nxd5 15. Qb3
c6 16. Nd6 Qh4 17. N6xe4 f5 18. Ng3 f4 19. exf4 Qxf4 20. Nf3 Kh8 21. Bc4 N7f6
22. Ne5 Bf5 1-0

[Event "FIDE World Bl Team Pool D"]
[Site "London ENG"]
[Date "2025.06.14"]
[Round "1.1"]
[White "Erigaisi, Arjun"]
[Black "Orozbaev, Eldiyar"]
[Result "1-0"]
[WhiteTitle "GM"]
[BlackTitle "IM"]
[WhiteElo "2782"]
[BlackElo "2367"]
[WhiteTeam "Team MGD1"]
[BlackTeam "Noval Group Kyrgyzstan"]
[WhiteFideId "35009192"]
[BlackFideId "13802240"]
[EventDate "2025.06.14"]
[EventType "team"]

1. d4 d5 2. Nf3 Nf6 3. e3 Bf5 4. c4 c6 5. Nc3 e6 6. Nh4 Be4 7. f3 Bg6 8. Bd2 a5
9. Nxg6 hxg6 10. Qb3 Qc7 11. cxd5 Nxd5 12. e4 Nxc3 13. bxc3 Nd7 14. a4 Bd6 15.
e5 Be7 16. Rb1 Rb8 17. f4 Bh4+ 18. Kd1 c5 19. d5 exd5 20. Qxd5 O-O 21. Kc2 Rfd8
22. Qe4 Be7 23. h4 c4 24. Bxc4 Nb6 25. Bb3 Bb4 26. Rh3 Rbc8 27. e6 Rxd2+ 28.
Kxd2 Bxc3+ 29. Ke2 Bf6 30. exf7+ Kf8 31. Re3 Qd7 32. Rd1 Qg4+ 33. Kf1 1-0

[Event "FIDE World Bl Team Pool D"]
[Site "London ENG"]
[Date "2025.06.14"]
[Round "1.2"]
[White "Sharshenbekov, Emir"]
[Black "Harikrishna, Pentala"]
[Result "1/2-1/2"]
[WhiteTitle "CM"]
[BlackTitle "GM"]
[WhiteElo "2091"]
[BlackElo "2707"]
[WhiteTeam "Noval Group Kyrgyzstan"]
[BlackTeam "Team MGD1"]
[WhiteFideId "13810634"]
[BlackFideId "5007003"]
[EventDate "2025.06.14"]
[EventType "team"]

1. e4 c6 2. d4 d5 3. exd5 cxd5 4. c4 Nf6 5. Nc3 e6 6. Nf3 Bb4 7. Bd2 O-O 8. cxd5
exd5 9. Be2 Nc6 10. O-O Re8 11. Bg5 h6 12. Bxf6 Qxf6 13. Nxd5 Qd6 14. Ne3 Qd8
15. Rc1 Bd6 16. Bb5 Bd7 17. Nc4 Bf8 18. Re1 Rxe1+ 19. Nxe1 Nxd4 20. Bxd7 Qxd7
21. Nf3 Nxf3+ 22. Qxf3 Rc8 23. b3 b5 24. Rd1 Qe6 25. Ne3 Bc5 26. Qd5 Qxd5 27.
Rxd5 Bxe3 28. fxe3 Rc1+ 29. Kf2 Rc2+ 30. Kf3 Rxa2 31. Rxb5 g6 32. h4 h5 33. Rb7
a5 34. Ra7 Ra3 35. g3 Kg7 36. Ra6 Ra1 37. Ra7 Kf6 38. Ke4 Ra3 39. Ra6+ Kg7 40.
Kf3 f6 41. Ra7+ Kf8 42. Ra6 Kf7 43. Ra7+ Ke6 44. Kf4 Ra1 45. Ra6+ Ke7 46. Ke4
Kf7 47. Ra7+ Kf8 48. Kd5 Re1 49. Ke6 Rxe3+ 50. Kxf6 Rf3+ 51. Kxg6 Rxg3+ 52. Kxh5
Rxb3 53. Rxa5 Kg7 54. Kg4 Rb1 55. Ra7+ Kh6 56. Ra6+ Kg7 1/2-1/2

[Event "FIDE World Bl Team Pool D"]
[Site "London ENG"]
[Date "2025.06.14"]
[Round "1.3"]
[White "Pranav, V"]
[Black "Degenbaev, Aziz"]
[Result "1/2-1/2"]
[WhiteTitle "GM"]
[BlackTitle "FM"]
[WhiteElo "2595"]
[BlackElo "2286"]
[WhiteTeam "Team MGD1"]
[BlackTeam "Noval Group Kyrgyzstan"]
[WhiteFideId "25060783"]
[BlackFideId "13802640"]
[EventDate "2025.06.14"]
[EventType "team"]

1. e4 e6 2. d3 d5 3. Nd2 Nf6 4. Ngf3 Nc6 5. g3 dxe4 6. dxe4 e5 7. Bg2 Bc5 8. O-O
O-O 9. Qe2 a5 10. Rd1 Qe7 11. Nc4 b6 12. Ne3 Bxe3 13. Bxe3 Ba6 14. Qe1 h6 15. a3
Rad8 16. Nh4 Nd4 17. Bxd4 exd4 18. Nf5 Qc5 19. b4 Qxc2 20. Nxd4 Qb2 21. Nc6 Rxd1
22. Rxd1 Re8 23. bxa5 Qxa3 24. axb6 cxb6 25. e5 Bb5 26. Nd4 Bc4 27. Bc6 Re7 28.
Nf5 Re6 29. Rd6 Qc5 30. Rxe6 Bxe6 31. exf6 Bxf5 32. Qe8+ Qf8 33. Qe5 Bg6 34.
fxg7 Qxg7 35. Qb8+ Qf8 36. Qxb6 Qd6 37. Qb7 Bf5 38. Kg2 Qe6 39. h4 Bh3+ 40. Kh2
Bf1 41. Bf3 Bc4 42. Qb8+ Kg7 43. Qf4 Bb5 44. Qd4+ Qf6 45. Qe3 Bd7 46. Bg2 Be6
47. Bc6 Qb2 48. Be4 Qf6 49. Kg2 Qe5 50. Qd3 Qf6 51. Bf3 Qf5 52. Qd4+ Qf6 53. Qe3
Qg6 54. g4 Qf6 55. Kg3 Qd8 56. Bg2 Qd7 57. Qe5+ Kg8 58. Bf3 Qd8 59. Be2 Qd7 60.
h5 Qd2 61. Bf3 Qg5 62. Qd4 Qe7 63. Bg2 Qc7+ 64. f4 Qc2 65. f5 Qb3+ 66. Bf3 Bc4
67. Qd8+ Kh7 68. Qd4 Be2 69. Qe4 Bxf3 70. Qxf3 Qb8+ 71. Kh3 Qe5 72. f6 Qd4 73.
Kg2 Qe5 74. Kf1 Qa1+ 75. Kf2 Qb2+ 76. Kg3 Qe5+ 77. Kh3 Qd4 78. Qf5+ Kg8 79. Kg2
Qb2+ 80. Kg3 Qc3+ 81. Qf3 Qe5+ 82. Kg2 Qb2+ 83. Kh3 Qd4 84. Kh4 Qe5 85. Qf2 Qg5+
86. Kg3 Qe5+ 87. Kh3 Qc3+ 88. Kh4 Qe5 89. Kh3 Qc3+ 90. Kg2 Qe5 91. Qf3 Qb2+ 92.
Kh3 Qe5 93. Qa8+ Kh7 94. Qf3 Kg8 95. Qf1 Qc3+ 96. Kg2 Qb2+ 97. Qf2 Qe5 98. Qf3
Qb2+ 99. Kf1 Qa1+ 100. Kf2 Qb2+ 101. Kg3 Qe5+ 102. Kh3 Qb2 103. Qf4 Qc3+ 104.
Kg2 Qb2+ 105. Kf1 Qa1+ 106. Kf2 Qb2+ 107. Kg3 Qc3+ 108. Kg2 Qb2+ 109. Kh3 Qc3+
110. Kg2 Qb2+ 111. Kf3 Qc3+ 112. Ke2 Qb2+ 113. Kd3 Qa3+ 114. Ke4 Qb4+ 115. Ke5
Qb8+ 116. Ke4 Qb4+ 117. Ke5 Qb8+ 118. Kf5 Qb5+ 119. Ke4 Qb4+ 120. Kf3 Qc3+ 121.
Kg2 Qb2+ 122. Qf2 Qe5 123. Kh3 Qc3+ 124. Kh4 Qe5 1/2-1/2

[Event "FIDE World Bl Team Pool D"]
[Site "London ENG"]
[Date "2025.06.14"]
[Round "1.4"]
[White "Zhakshylykov, Erzhan"]
[Black "Mendonca, Leon Luke"]
[Result "0-1"]
[WhiteTitle "IM"]
[BlackTitle "GM"]
[WhiteElo "2362"]
[BlackElo "2603"]
[WhiteTeam "Noval Group Kyrgyzstan"]
[BlackTeam "Team MGD1"]
[WhiteFideId "13804111"]
[BlackFideId "35028561"]
[EventDate "2025.06.14"]
[EventType "team"]

1. d4 Nf6 2. c4 e6 3. g3 d5 4. Bg2 Be7 5. Nf3 O-O 6. O-O c6 7. b3 b6 8. Bb2 Bb7
9. Nbd2 Nbd7 10. e3 Rc8 11. Qe2 c5 12. Rfd1 Rc7 13. dxc5 Nxc5 14. Rac1 Qa8 15.
Be5 Rcc8 16. cxd5 Bxd5 17. Nc4 Rfd8 18. h3 h6 19. Bb2 Qb7 20. Nce5 a5 21. Bd4 b5
22. Ne1 Bxg2 23. Nxg2 Nce4 24. Nf4 b4 25. Rc4 Rxc4 26. Nxc4 Qb5 27. h4 a4 28.
Qc2 a3 29. Kg2 Rc8 30. f3 Nd6 31. Bxf6 Nxc4 32. bxc4 Rxc4 33. Qe2 Bxf6 34. e4
Qc6 35. Kh3 Bd4 36. Nd3 e5 37. f4 Qc8+ 38. f5 Rc2 39. Qg4 b3 40. axb3 a2 41. Nb4
Rb2 42. Nd5 Qd8 43. f6 g6 44. Ne7+ Kh7 45. h5 Qe8 46. hxg6+ fxg6 47. Rc1 Rc2 48.
Rxc2 a1=Q 49. Qf3 Qa7 50. Nd5 Qad7+ 51. g4 Qef7 52. Rc7 Qxc7 53. Nxc7 Kg8 54.
Nd5 Qe6 55. Kg2 Bc5 56. b4 Bf8 57. b5 Bc5 58. Kg3 Kf7 59. Qc3 Qd6 60. Qa5 h5 61.
Qa6 Qd7 62. gxh5 gxh5 63. Kg2 Qg4+ 64. Kf1 Qf3+ 0-1

[Event "FIDE World Bl Team Pool D"]
[Site "London ENG"]
[Date "2025.06.14"]
[Round "1.5"]
[White "Tsolakidou, Stavroula"]
[Black "Lesbekova, Assel"]
[Result "1-0"]
[WhiteTitle "IM"]
[BlackTitle "WCM"]
[WhiteElo "2428"]
[BlackElo "1948"]
[WhiteTeam "Team MGD1"]
[BlackTeam "Noval Group Kyrgyzstan"]
[WhiteFideId "4264312"]
[BlackFideId "13713248"]
[EventDate "2025.06.14"]
[EventType "team"]

1. e4 e5 2. Nf3 Nf6 3. d4 Nxe4 4. Bd3 d5 5. Nxe5 Nd7 6. Nc3 Nxc3 7. bxc3 Nxe5 8.
dxe5 Be7 9. O-O Be6 10. Be3 c6 11. f4 g6 12. g4 f5 13. gxf5 gxf5 14. Qh5+ Bf7
15. Qxf5 Rg8+ 16. Kh1 d4 17. cxd4 Bg6 18. Qh3 Qd5+ 19. Qf3 Qd7 20. f5 Rf8 21. e6
Qd6 22. Bf4 Qxd4 23. fxg6 hxg6 24. Bxg6+ 1-0

[Event "FIDE World Bl Team Pool D"]
[Site "London ENG"]
[Date "2025.06.14"]
[Round "1.6"]
[White "Tazhimyrzaev, Elzarbek"]
[Black "Atharvaa P Tayade"]
[Result "0-1"]
[WhiteElo "1828"]
[BlackElo "1956"]
[WhiteTeam "Noval Group Kyrgyzstan"]
[BlackTeam "Team MGD1"]
[WhiteFideId "13814133"]
[BlackFideId "25042955"]
[EventDate "2025.06.14"]
[EventType "team"]

1. e4 c5 2. Nc3 a6 3. a4 e6 4. f4 d5 5. d3 Nc6 6. Be2 Nf6 7. Nf3 Be7 8. O-O O-O
9. Qe1 Nb4 10. Bd1 Rb8 11. a5 b6 12. axb6 Qxb6 13. Kh1 dxe4 14. dxe4 a5 15. Qg3
Ba6 16. Re1 Rfd8 17. Ne5 Bb7 18. f5 Ne8 19. fxe6 Qxe6 20. Bf4 Bd6 21. Bg4 Qe7
22. Re2 Ba6 23. Rf2 f6 24. Nd3 Bxd3 25. cxd3 Bxf4 26. Rxf4 Nxd3 27. Rf5 Rxb2 28.
h3 Ne5 29. Nd5 Qb7 30. Bh5 Rb1+ 31. Rxb1 Qxb1+ 32. Kh2 Qxe4 33. Bxe8 Qxd5 34.
Ba4 c4 35. Rf4 Qd6 36. Rg4 Nxg4+ 0-1

[Event "FIDE World Bl Team Pool D"]
[Site "London ENG"]
[Date "2025.06.14"]
[Round "1.1"]
[White "Skytte, Rasmus"]
[Black "Navara, David"]
[Result "0-1"]
[WhiteTitle "IM"]
[BlackTitle "GM"]
[WhiteElo "2367"]
[BlackElo "2657"]
[WhiteTeam "Danish Futures"]
[BlackTeam "Hetman GKS Katowice"]
[WhiteFideId "1404210"]
[BlackFideId "309095"]
[EventDate "2025.06.14"]
[EventType "team"]

1. e4 c5 2. c3 Nf6 3. e5 Nd5 4. Nf3 d6 5. d4 cxd4 6. cxd4 e6 7. Bc4 Be7 8. O-O
O-O 9. Qe2 Nc6 10. Qe4 Kh8 11. exd6 Qxd6 12. Nc3 f5 13. Qe2 Nb6 14. Nb5 Qd7 15.
Ne5 Nxe5 16. dxe5 Nxc4 17. Qxc4 a6 18. Nc3 b5 19. Qe2 Bb7 20. Rd1 Qc6 21. f3 b4
22. Nb1 Rfd8 23. Be3 a5 24. Nd2 Ba6 25. Qf2 Rd3 26. f4 Rxe3 27. Nb3 Rxb3 0-1

[Event "FIDE World Bl Team Pool D"]
[Site "London ENG"]
[Date "2025.06.14"]
[Round "1.2"]
[White "Klimkowski, Jan"]
[Black "Kistrup, Nicolai"]
[Result "0-1"]
[WhiteTitle "GM"]
[BlackTitle "IM"]
[WhiteElo "2508"]
[BlackElo "2381"]
[WhiteTeam "Hetman GKS Katowice"]
[BlackTeam "Danish Futures"]
[WhiteFideId "21856222"]
[BlackFideId "1444816"]
[EventDate "2025.06.14"]
[EventType "team"]

1. e4 c5 2. Nf3 d6 3. Bb5+ Nd7 4. a4 Nf6 5. Nc3 a6 6. Be2 g6 7. O-O Bg7 8. a5 b5
9. axb6 Bb7 10. d3 a5 11. Qd2 Nxb6 12. Qf4 h6 13. Qg3 a4 14. h3 Nh5 15. Qh2 Nf6
16. e5 Nfd5 17. Ne4 dxe5 18. Nxc5 Bc8 19. Nxe5 Nb4 20. c3 N4d5 21. Nc6 Qd6 22.
Qxd6 exd6 23. Ne4 Kd7 24. Nd4 f5 25. Ng3 a3 26. Rb1 Bxd4 27. cxd4 a2 28. Ra1 Nb4
29. Bf3 Ra7 30. Be3 Nc2 31. d5 Nxa1 32. Rxa1 Ra6 33. Ne2 Bb7 34. Nc3 Rha8 35.
Bxh6 Na4 36. Rxa2 Nxc3 37. Rxa6 Ne2+ 38. Bxe2 Rxa6 39. Bf3 Ra5 40. Bd2 Rb5 41.
Bc3 Bxd5 42. Be2 Rb8 43. f4 Ke6 44. Kf2 Ra8 45. h4 Ra1 46. h5 gxh5 47. Bxh5 Rc1
48. Be2 Bb3 49. g4 Bd1 50. g5 Rc2 51. g6 Bxe2 52. Ke3 Bh5 53. g7 Bf7 54. Kd4 Rf2
55. Ke3 Rh2 56. b4 Kd5 57. Bf6 Rh3+ 58. Kd2 Kc6 59. Kc3 Kb5 60. Be7 Rg3 61. Bf8
Bc4 62. Bxd6 Rxd3+ 0-1

[Event "FIDE World Bl Team Pool D"]
[Site "London ENG"]
[Date "2025.06.14"]
[Round "1.3"]
[White "Nilssen, Ellen Fredericia"]
[Black "Seemann, Jakub"]
[Result "0-1"]
[WhiteTitle "WIM"]
[BlackTitle "IM"]
[WhiteElo "2160"]
[BlackElo "2450"]
[WhiteTeam "Danish Futures"]
[BlackTeam "Hetman GKS Katowice"]
[WhiteFideId "1441230"]
[BlackFideId "21874697"]
[EventDate "2025.06.14"]
[EventType "team"]

1. d4 Nf6 2. c4 g6 3. Nc3 Bg7 4. Nf3 O-O 5. g3 d6 6. Bg2 Nbd7 7. O-O e5 8. e4
Re8 9. h3 exd4 10. Nxd4 Nc5 11. Re1 c6 12. b3 a5 13. Bg5 h6 14. Bf4 g5 15. Bc1
Be6 16. Rb1 Nfd7 17. Be3 Nf8 18. Qc2 Ng6 19. Rbd1 Qc8 20. Kh2 Bd7 21. Nf5 Bxf5
22. exf5 Ne7 23. Rxd6 Nxf5 24. Rdd1 Nxe3 25. fxe3 Qc7 26. e4 Re5 27. Ne2 Rae8
28. Nd4 h5 29. Nf5 h4 30. Qd2 hxg3+ 31. Kh1 f6 32. Qd4 Ne6 33. Qd7 Qxd7 34. Rxd7
Bf8 35. Rxb7 Nc5 36. Rc7 Rxf5 37. Rxc6 Rfe5 38. Rxf6 Nxe4 39. Bxe4 Rxe4 40. Rxe4
Rxe4 41. Rg6+ Kf7 42. Rxg5 Bd6 43. c5 Bf4 44. Rf5+ Ke6 45. Rf8 Kd5 46. h4 Kxc5
47. h5 Kd4 48. Kg2 Ke3 49. Rf5 Rd4 50. Rxa5 Rd2+ 51. Kh3 Rh2+ 52. Kg4 g2 0-1

[Event "FIDE World Bl Team Pool D"]
[Site "London ENG"]
[Date "2025.06.14"]
[Round "1.4"]
[White "Cieslak, Patryk"]
[Black "Skytte, Robert"]
[Result "1-0"]
[WhiteTitle "FM"]
[BlackTitle "CM"]
[WhiteElo "2442"]
[BlackElo "2015"]
[WhiteTeam "Hetman GKS Katowice"]
[BlackTeam "Danish Futures"]
[WhiteFideId "21078882"]
[BlackFideId "1471775"]
[EventDate "2025.06.14"]
[EventType "team"]

1. e4 c5 2. Nf3 Nc6 3. Bc4 e6 4. O-O Nge7 5. c3 d5 6. exd5 exd5 7. Bb5 a6 8. Ba4
b5 9. Bc2 Bg4 10. h3 Bh5 11. Re1 Qc7 12. a4 b4 13. d4 cxd4 14. cxd4 Bg6 15. Bxg6
hxg6 16. Ng5 Rh4 17. Be3 Qd6 18. Nd2 1-0